<?xml version="1.0" encoding="UTF-8"?>
<marc:record xmlns:marc="http://www.loc.gov/MARC21/slim">
   <marc:leader>00000nam a2200000 a 4500</marc:leader>
   <marc:datafield ind1="1" ind2=" " tag="100">
      <marc:subfield code="a">Sabbag, Britta</marc:subfield>
      <marc:subfield code="4">aut</marc:subfield>
      <marc:subfield code="e">Verfasser/-in</marc:subfield>
   </marc:datafield>
   <marc:datafield ind1="1" ind2=" " tag="100">
      <marc:subfield code="a">Kelly, Maite</marc:subfield>
      <marc:subfield code="4">aut</marc:subfield>
      <marc:subfield code="e">Verfasser/-in</marc:subfield>
   </marc:datafield>
   <marc:datafield ind1="1" ind2=" " tag="100">
      <marc:subfield code="a">Tourlonias, Joëlle</marc:subfield>
      <marc:subfield code="4">aut</marc:subfield>
      <marc:subfield code="e">Verfasser/-in</marc:subfield>
   </marc:datafield>
   <marc:datafield ind1=" " ind2=" " tag="653">
      <marc:subfield code="a">Erzählerische Bilderbücher</marc:subfield>
   </marc:datafield>
   <marc:datafield ind1=" " ind2=" " tag="653">
      <marc:subfield code="a">Fridays for Future</marc:subfield>
   </marc:datafield>
   <marc:datafield ind1=" " ind2=" " tag="653">
      <marc:subfield code="a">Softcover / Kinder- und Jugendbücher/Erzählerische</marc:subfield>
   </marc:datafield>
   <marc:datafield ind1=" " ind2=" " tag="653">
      <marc:subfield code="a">Kinderbuch Umwelt</marc:subfield>
   </marc:datafield>
   <marc:datafield ind1=" " ind2=" " tag="653">
      <marc:subfield code="a">Kinderbuch Nachhaltigkeit</marc:subfield>
   </marc:datafield>
   <marc:datafield ind1=" " ind2=" " tag="653">
      <marc:subfield code="a">klimaschutz</marc:subfield>
   </marc:datafield>
   <marc:datafield ind1=" " ind2=" " tag="653">
      <marc:subfield code="a">die kleine hummel bommel</marc:subfield>
   </marc:datafield>
   <marc:datafield ind1=" " ind2=" " tag="653">
      <marc:subfield code="a">maite kelly kinderbuch</marc:subfield>
   </marc:datafield>
   <marc:datafield ind1=" " ind2=" " tag="653">
      <marc:subfield code="a">hummel bommel</marc:subfield>
   </marc:datafield>
   <marc:datafield ind1=" " ind2=" " tag="653">
      <marc:subfield code="a">kinderbuch ab 3 jahren</marc:subfield>
   </marc:datafield>
   <marc:datafield ind1=" " ind2=" " tag="653">
      <marc:subfield code="a">klimawandel für kinder</marc:subfield>
   </marc:datafield>
   <marc:datafield ind1=" " ind2=" " tag="653">
      <marc:subfield code="a">parents for future</marc:subfield>
   </marc:datafield>
   <marc:datafield ind1=" " ind2=" " tag="653">
      <marc:subfield code="a">kinderbuch tierschutz</marc:subfield>
   </marc:datafield>
   <marc:datafield ind1=" " ind2=" " tag="653">
      <marc:subfield code="a">klimawandel bilderbuch</marc:subfield>
   </marc:datafield>
   <marc:datafield ind1="0" ind2="0" tag="245">
      <marc:subfield code="a">Die kleine Hummel Bommel schützt die Umwelt</marc:subfield>
   </marc:datafield>
   <marc:datafield ind1=" " ind2="1" tag="264">
      <marc:subfield code="a">München</marc:subfield>
      <marc:subfield code="b">arsEdition</marc:subfield>
      <marc:subfield code="c">2020</marc:subfield>
   </marc:datafield>
   <marc:datafield ind1=" " ind2=" " tag="250">
      <marc:subfield code="a">1. Auflage</marc:subfield>
   </marc:datafield>
   <marc:datafield ind1="1" ind2=" " tag="520">
      <marc:subfield code="a">Angaben aus der Verlagsmeldung&lt;br/&gt;&lt;br/&gt;Die kleine Hummel Bommel schützt die Umwelt / von Britta Sabbag, Maite Kelly, Joëlle Tourlonias&lt;br/&gt;&lt;br/&gt;Das neue Sachbilderbuch mit der kleinen Hummel Bommel!&lt;br/&gt;&lt;br/&gt;Entdecke zusammen mit der kleinen Hummel Bommel, wie unsere Erde funktioniert und was wir tun können, um sie zu erhalten - und hier sind schon die Kleinsten gefragt! Denn jeder kann etwas tun, auch wenn man noch hummelig klein ist. Denn: auch die kleinste Kleinigkeit hilft schon! Erste Sachinformationen über den Klimawandel, das Wetter, Konsum, unsere Umgebung und die Tiere werden schon für Kinder ab 4 Jahren verständlich und interessant aufbereitet. Ein Bilderbuch, das gezeichnete Illustrationen und Naturfotos vereint. Für kleine und große Weltretter!&lt;br/&gt;&lt;br/&gt;Für hummelig kleine Umweltschützer&lt;br/&gt;&lt;br/&gt;Komm mit der kleinen Hummel auf eine spannende Reise in unsere Umwelt! Bommel erklärt dir, dass alles mit allem zusammen hängt und wie wichtig es ist, schon die kleinsten Dinge zu schützen und erhalten. Dafür musst du die Natur und Umwelt aber erstmal kennen und lieben lernen. Denn: Nur was man kennt und liebt, das schützt man auch! &lt;br/&gt;&lt;br/&gt;Erstes Wissen über Klimawandel und Umweltschutz für die Kleinsten: Schon für Kinder ab 4 Jahren&lt;br/&gt;&lt;br/&gt;Mit vielen Sachinformationen, Tipps, Ideen und tollen Fotos zum Staunen&lt;br/&gt;&lt;br/&gt;Zum gemeinsamen Entdecken und Nachmachen: Ein Naturbuch für kleine und große Fans der Hummel Bommel&lt;br/&gt;&lt;br/&gt;Als Geschenk für Natur-Fans ab 8: Ein ideales Geschenk für Kinder, die die Welt verändern wollen. Auch super für Schulklassen, die auf der Suche nach Projekten sind&lt;br/&gt;&lt;br/&gt;Weitere Informationen, Spiele und Downloads auf http://www.hummelbommel.de</marc:subfield>
   </marc:datafield>
   <marc:datafield ind1=" " ind2=" " tag="020">
      <marc:subfield code="a">9783845836805</marc:subfield>
      <marc:subfield code="9">9783845836805</marc:subfield>
   </marc:datafield>
   <marc:datafield ind1=" " ind2=" " tag="041">
      <marc:subfield code="a">ger</marc:subfield>
   </marc:datafield>
   <marc:datafield ind1="1" ind2=" " tag="521">
      <marc:subfield code="a">0</marc:subfield>
   </marc:datafield>
</marc:record>
